Normal view
MARC view
- TCC-14
Entry Geographic Name
001 - CONTROL NUMBER
- control field: 131344
003 - CONTROL NUMBER IDENTIFIER
- control field: NUST
005 - DATE AND TIME OF LATEST TRANSACTION
- control field: 20251021132055.0
008 - FIXED-LENGTH DATA ELEMENTS
- fixed length control field: 251021|| aca||aabn | a|a d
040 ## - CATALOGING SOURCE
- Original cataloging agency: NUST
- Transcribing agency: NUST
151 ## - HEADING--GEOGRAPHIC NAME
- Geographic name: TCC-14
670 ## - SOURCE DATA FOUND
- Source citation: Work cat.: (NUST)183249: Munir , NC Asif TCC-14 131343, Desing and simulation of QAM modem using matlab /, 2006
